00604nam a2200181 a 4500008004100000020002200041245007500063260008000138300003300218440003700251504004100288650002000329650002400349700002200373003000100395005001700396040000900413  a0442259255 (hbk.)00aStability of heavy minerals in sediments /cedited by Gretchen Luepke. aNew York :bVan Nostrand Reinhold/Scientific and Academic Editions,cc1984. axi, 306 p. :bill. ;c26 cm.1 aBenchmark papers in geology ; 81 aIncludes bibliographical references. 0aHeavy minerals. 0aSediments (Geology)1 aLuepke, Gretchen.20230123133930.0 cNUST